Every Major City in the USA - Statistics

General Stats
  • This quiz has been taken 99 times
    64 since last reset
  • The average score is 47 of 70
Answer Stats
Answer % Correct
Los Angeles
91%
New York City
91%
Chicago
88%
Miami
88%
Nashville
88%
Orlando
88%
Boston
84%
Columbus
84%
Dallas
84%
Philadelphia
84%
San Francisco
84%
Seattle
84%
Houston
81%
Kansas City
81%
New Orleans
81%
Phoenix
81%
St Louis
81%
Atlanta
78%
Jacksonville
78%
Portland
78%
San Antonio
78%
San Diego
78%
Tampa
78%
Austin
75%
Cleveland
75%
Denver
75%
El Paso
75%
Indianapolis
75%
Las Vegas
75%
Memphis
75%
Minneapolis
75%
Pittsburgh
75%
Baltimore
72%
Charlotte
72%
Cincinnati
72%
Detroit
72%
Sacramento
72%
Washington D.C
72%
Buffalo
69%
Oklahoma City
69%
Raleigh
69%
Boise
66%
Honolulu
66%
Louisville
66%
Milwaukee
66%
Salt Lake City
66%
Fort Worth
63%
St Paul
63%
Tucson
63%
Tulsa
63%
Albuquerque
59%
Anchorage
59%
Colorado Springs
56%
Richmond
53%
Birmingham
50%
Hartford
50%
Newark
50%
San Jose
50%
Lexington
47%
Tallahassee
47%
Virginia Beach
47%
Wichita
47%
Providence
44%
Fort Lauderdale
41%
Fresno
41%
Lincoln
41%
Greensboro
38%
San Bernardino
34%
Riverside
31%
McAllen
9%
No matching quizzes found
Score Distribution
Percent of People with Each Score
Percentile by Number Answered
Your Score History
You have not taken this quiz since the last reset